<?xml version="1.0" encoding="UTF-8"?>
<record
    xmlns:xsi="http://www.w3.org/2001/XMLSchema-instance"
    xsi:schemaLocation="http://www.loc.gov/MARC21/slim http://www.loc.gov/standards/marcxml/schema/MARC21slim.xsd"
    xmlns="http://www.loc.gov/MARC21/slim">

  <leader>02492nam a2200325 a 4500</leader>
  <controlfield tag="001">000014977</controlfield>
  <controlfield tag="003">DO-SdBNP</controlfield>
  <controlfield tag="005">20250403121118.0</controlfield>
  <controlfield tag="008">100128s2005    dr            001 0 spa d</controlfield>
  <datafield tag="020" ind1=" " ind2=" ">
    <subfield code="a">9993442364</subfield>
  </datafield>
  <datafield tag="040" ind1=" " ind2=" ">
    <subfield code="a">DO-SdBNP</subfield>
    <subfield code="b">spa</subfield>
    <subfield code="c">BNPHU</subfield>
  </datafield>
  <datafield tag="082" ind1=" " ind2=" ">
    <subfield code="a">868.5</subfield>
    <subfield code="b">D598c</subfield>
  </datafield>
  <datafield tag="111" ind1="1" ind2=" ">
    <subfield code="a">Direcci&#xF3;n General de la Feriadel Libro</subfield>
    <subfield code="9">33903</subfield>
  </datafield>
  <datafield tag="245" ind1="1" ind2="0">
    <subfield code="a">Coloquios 2004 /</subfield>
    <subfield code="c">Julio Adames ... [et al.] ; editor Jos&#xE9; M. Fern&#xE1;ndez Peque&#xF1;o ; presentaci&#xF3;n Alejandro Arvelo ;.</subfield>
  </datafield>
  <datafield tag="260" ind1=" " ind2=" ">
    <subfield code="a">Santo Domingo :</subfield>
    <subfield code="b">Ferilibro,</subfield>
    <subfield code="c">2005.</subfield>
    <subfield code="f">B&#xFA;ho</subfield>
  </datafield>
  <datafield tag="300" ind1=" " ind2=" ">
    <subfield code="a">182 p. ;</subfield>
    <subfield code="c">24 cm.</subfield>
  </datafield>
  <datafield tag="490" ind1="1" ind2=" ">
    <subfield code="a">Ferilibro</subfield>
    <subfield code="v">no. 70</subfield>
  </datafield>
  <datafield tag="500" ind1=" " ind2=" ">
    <subfield code="a">Incluye referencias bibliogr&#xE1;ficas y notas al pie de las p&#xE1;ginas</subfield>
  </datafield>
  <datafield tag="505" ind1="0" ind2=" ">
    <subfield code="a">Presentaci&#xF3;n /Alejandro Arvelo -- Ismos y vanguardias en Puerto Rico y Santo Domingo en la primera mitad del siglo XX (influencias y referencias) / Manuel Mora Serrano -- Relaciones hist&#xF3;ricas entre la Rep&#xFA;blica Dominicana y Puerto Rico / Fernando P&#xE9;rez Mem&#xE9;n -- Aporte de la inmigraci&#xF3;n puertorrique&#xF1;a en San Pedro de Macor&#xED;s / Miguel Phipps -- El conflicto del ser en la dramaturgia puertorrique&#xF1;a / No&#xE9; Zayas -- El cuento en Puerto Rico / Virgilio L&#xF3;pez Azu&#xE1;n -- Ejes de construcci&#xF3;n en los espacios de la narrativa dominicana: La tarde en que muri&#xF3; Estefan&#xED;a / Pura Emeterio Rond&#xF3;n -- Pablo Neruda: La llama m&#xFA;ltiple / Adri&#xE1;n Javier -- Divagaciones en torno a los Veinte poemas de amor y una canci&#xF3;n desesperada de Pablo Neruda / Le&#xF3;n David -- Po&#xE9;tica y presencia de Pablo Neruda en Rep&#xFA;blica Dominicana / V&#xED;ctor Villegas -- Pablo Neruda: Soledad confesada / Bernardo Silfa Bor -- Pablo Neruda: Galope muerto / Julio Adames -- Periplo nerudiano de un dominicano: Del versainograma a Santo Domingo al hurac&#xE1;n Neruda / Jos&#xE9; del Castillo -- El presente de las escritoras / Ana Almonte -- Literatura y artes visuales: la inscripci&#xF3;n abierta del ojo. Signos, emblemas y textos art&#xED;sticos / Odalis G. P&#xE9;rez -- Periodismo, cultura y literatura / Rafael P. Rodr&#xED;quez -- Los autores.</subfield>
  </datafield>
  <datafield tag="600" ind1="1" ind2="4">
    <subfield code="a">Neruda, Pablo, </subfield>
    <subfield code="d">1904-1973</subfield>
    <subfield code="x">Cr&#xED;tica e interpretaci&#xF3;n </subfield>
    <subfield code="9">33904</subfield>
  </datafield>
  <datafield tag="650" ind1=" " ind2="4">
    <subfield code="a">Literatura dominicana</subfield>
    <subfield code="x">Historia y cr&#xED;tica</subfield>
    <subfield code="9">159</subfield>
  </datafield>
  <datafield tag="650" ind1=" " ind2="4">
    <subfield code="a">Literatura puertorrique&#xF1;a</subfield>
    <subfield code="x">Historia y cr&#xEC;tica</subfield>
    <subfield code="9">2838</subfield>
  </datafield>
  <datafield tag="650" ind1=" " ind2="0">
    <subfield code="a">Ensayos dominicanos</subfield>
    <subfield code="9">65</subfield>
  </datafield>
  <datafield tag="650" ind1=" " ind2="4">
    <subfield code="a">Ensayos puertorrique&#xF1;os</subfield>
    <subfield code="9">8892</subfield>
  </datafield>
  <datafield tag="700" ind1="1" ind2=" ">
    <subfield code="a">Fern&#xE1;ndez Peque&#xF1;o, Jos&#xE9;</subfield>
    <subfield code="9">2067</subfield>
  </datafield>
  <datafield tag="700" ind1="1" ind2=" ">
    <subfield code="a">Adames, Julio</subfield>
    <subfield code="9">33905</subfield>
  </datafield>
  <datafield tag="700" ind1="1" ind2=" ">
    <subfield code="a">Arvelo, Alejandro</subfield>
    <subfield code="9">147</subfield>
  </datafield>
  <datafield tag="830" ind1=" " ind2="0">
    <subfield code="a">Ferilibro</subfield>
    <subfield code="v">no. 70</subfield>
    <subfield code="9">377</subfield>
  </datafield>
  <datafield tag="942" ind1=" " ind2=" ">
    <subfield code="2">ddc</subfield>
    <subfield code="c">LBS1</subfield>
  </datafield>
  <datafield tag="952" ind1=" " ind2=" ">
    <subfield code="0">0</subfield>
    <subfield code="1">0</subfield>
    <subfield code="5">4</subfield>
    <subfield code="7">0</subfield>
    <subfield code="8">DS</subfield>
    <subfield code="a">GR</subfield>
    <subfield code="b">GR</subfield>
    <subfield code="c">CT</subfield>
    <subfield code="d">2010-01-28</subfield>
    <subfield code="i">LF1</subfield>
    <subfield code="l">0</subfield>
    <subfield code="o">868.5 D598c</subfield>
    <subfield code="p">14977-30</subfield>
    <subfield code="r">2020-06-25</subfield>
    <subfield code="t">e. 3</subfield>
    <subfield code="w">2020-06-25</subfield>
    <subfield code="y">LFDS</subfield>
    <subfield code="Z">Pr&#xE9;stamo en sala</subfield>
  </datafield>
  <datafield tag="952" ind1=" " ind2=" ">
    <subfield code="0">0</subfield>
    <subfield code="1">0</subfield>
    <subfield code="5">4</subfield>
    <subfield code="7">0</subfield>
    <subfield code="8">DS</subfield>
    <subfield code="a">GR</subfield>
    <subfield code="b">GR</subfield>
    <subfield code="c">CT</subfield>
    <subfield code="d">2010-01-28</subfield>
    <subfield code="i">LF1</subfield>
    <subfield code="l">0</subfield>
    <subfield code="o">868.5 D598c</subfield>
    <subfield code="p">14977-40</subfield>
    <subfield code="r">2020-06-25</subfield>
    <subfield code="t">e. 4</subfield>
    <subfield code="w">2020-06-25</subfield>
    <subfield code="y">LFDS</subfield>
    <subfield code="Z">Pr&#xE9;stamo en sala</subfield>
  </datafield>
  <datafield tag="952" ind1=" " ind2=" ">
    <subfield code="0">0</subfield>
    <subfield code="1">0</subfield>
    <subfield code="5">4</subfield>
    <subfield code="7">0</subfield>
    <subfield code="8">DS</subfield>
    <subfield code="a">GR</subfield>
    <subfield code="b">GR</subfield>
    <subfield code="c">CT</subfield>
    <subfield code="d">2010-01-28</subfield>
    <subfield code="i">LF1</subfield>
    <subfield code="l">0</subfield>
    <subfield code="o">868.5 D598c</subfield>
    <subfield code="p">14977-50</subfield>
    <subfield code="r">2020-06-25</subfield>
    <subfield code="t">e. 5</subfield>
    <subfield code="w">2020-06-25</subfield>
    <subfield code="y">LFDS</subfield>
    <subfield code="Z">Pr&#xE9;stamo en sala</subfield>
  </datafield>
  <datafield tag="952" ind1=" " ind2=" ">
    <subfield code="0">0</subfield>
    <subfield code="1">0</subfield>
    <subfield code="7">1</subfield>
    <subfield code="8">PD</subfield>
    <subfield code="a">PD</subfield>
    <subfield code="b">PD</subfield>
    <subfield code="c">CT</subfield>
    <subfield code="d">2010-01-28</subfield>
    <subfield code="i">LF1</subfield>
    <subfield code="l">0</subfield>
    <subfield code="o">868.5 D598c</subfield>
    <subfield code="p">14977-10</subfield>
    <subfield code="r">2020-06-25</subfield>
    <subfield code="w">2020-06-25</subfield>
    <subfield code="y">LFPD</subfield>
    <subfield code="Z">No se presta</subfield>
  </datafield>
  <datafield tag="952" ind1=" " ind2=" ">
    <subfield code="0">0</subfield>
    <subfield code="1">0</subfield>
    <subfield code="7">1</subfield>
    <subfield code="8">PD</subfield>
    <subfield code="a">PD</subfield>
    <subfield code="b">PD</subfield>
    <subfield code="c">CT</subfield>
    <subfield code="d">2010-01-28</subfield>
    <subfield code="i">LF1</subfield>
    <subfield code="l">0</subfield>
    <subfield code="o">868.5 D598c</subfield>
    <subfield code="p">14977-20</subfield>
    <subfield code="r">2020-06-25</subfield>
    <subfield code="t">e. 2</subfield>
    <subfield code="w">2020-06-25</subfield>
    <subfield code="y">LFPD</subfield>
    <subfield code="Z">No se presta</subfield>
  </datafield>
  <datafield tag="999" ind1=" " ind2=" ">
    <subfield code="c">14550</subfield>
    <subfield code="d">14550</subfield>
  </datafield>
</record>
